[Event "Dmitrov 2012 open"]
[Site "Dmitrov"]
[Date "2012.07.28"]
[Round "6.10"]
[White "Lyubokhiner, Leonid M"]
[Black "Berezin, Viktor"]
[Result "0-1"]
[WhiteElo "1715"]
[BlackElo "2124"]
[PlyCount "90"]
[EventDate "2012.07.25"]

1. e4 e5 2. Nf3 Nc6 3. Bb5 a6 4. Bxc6 dxc6 5. O-O f6 6. h3 Bd6 7. d4 exd4 8.
Qxd4 Be6 9. b3 Ne7 10. Bb2 Ng6 11. Nc3 O-O 12. Ne2 Qe7 13. Rad1 b5 14. Qe3 Bd7
15. Bc1 Rfe8 16. Ng3 Bxg3 17. fxg3 c5 18. Rd5 Bc6 19. Rxc5 Bxe4 20. Qc3 Qd6 21.
Nd4 Rad8 22. Nf5 Bxf5 23. Rfxf5 Re5 24. Rfxe5 fxe5 25. Bg5 Qd1+ 26. Kh2 Rf8 27.
Qd3 Qxd3 28. cxd3 h6 29. Rc6 hxg5 30. Rxg6 Rd8 31. Rxg5 Rxd3 32. Rxe5 Rd2 33.
Rc5 Rxa2 34. Rxc7 b4 35. Re7 Ra3 36. Re3 a5 37. Re5 Kf7 38. Kg1 Ra2 39. Kf1 a4
40. bxa4 b3 41. Ke1 b2 42. Rb5 Ra1+ 43. Kd2 b1=Q 44. Rxb1 Rxb1 45. Kc2 Rb4 0-1

[Event "Dmitrov 2012 open"]
[Site "Dmitrov"]
[Date "2012.07.28"]
[Round "6.11"]
[White "Sepp, Yuri"]
[Black "Kobozeva, Viktoria"]
[Result "1-0"]
[WhiteElo "1967"]
[BlackElo "1798"]
[PlyCount "201"]
[EventDate "2012.07.25"]

1. Nc3 d5 2. e4 d4 3. Nce2 e5 4. d3 c5 5. f4 Nc6 6. Nf3 Bd6 7. f5 Bd7 8. Ng3 g6
9. Bg5 f6 10. Bd2 Nge7 11. Nh4 Qc8 12. Qf3 g5 13. Qh5+ Kd8 14. Nf3 Kc7 15. Qf7
Qf8 16. Qb3 a5 17. c4 h5 18. Be2 h4 19. Nf1 g4 20. Ng1 Qg7 21. O-O-O Nb4 22. a4
Nc8 23. Qa3 Nb6 24. b3 Qg8 25. Bxb4 axb4 26. Qb2 Bxa4 27. Kd2 Qg5+ 28. Ke1 Bd7
29. Qd2 Qg7 30. Rb1 Ra3 31. Qd1 Rg8 32. Nd2 Qg5 33. Nf1 Ra2 34. Ra1 Rxa1 35.
Qxa1 Qf4 36. g3 Qg5 37. gxh4 Qxh4+ 38. Ng3 Bf8 39. Bf1 Bh6 40. Qa5 Kc6 41. Qb5+
Kc7 42. Qxc5+ Bc6 43. Qe7+ Bd7 44. c5 Nc8 45. Qf7 Qg5 46. Be2 Rf8 47. Qc4 Qd2+
48. Kf1 Qc1+ 49. Qxc1 Bxc1 50. Bxg4 Bb5 51. Ke2 Kc6 52. Nf3 Bb2 53. Nh5 Kxc5
54. Ng7 Kd6 55. Ne6 Rg8 56. Rg1 Bd7 57. h4 Ne7 58. Nd2 b5 59. Kf3 Bc3 60. Nf1
Bxe6 61. fxe6 Ng6 62. Rh1 Nf4 63. Ng3 Rh8 64. Nf5+ Kxe6 65. Nxd4+ Kf7 66. Nxb5
Nxd3 67. h5 Nc5 68. Rb1 Rd8 69. Bf5 Kg7 70. Nc7 Rd3+ 71. Kg4 Kh6 72. Ne8 Nd7
73. Rh1 Bd2 74. Bxd7 Rxd7 75. Nxf6 Rg7+ 76. Kf5 Bc3 77. Ng4+ Kh7 78. Nxe5 Bxe5
79. Kxe5 Rg3 80. Rb1 Kh6 81. Kd4 Rc3 82. e5 Kxh5 83. e6 Kg6 84. Re1 Rc8 85. Kd5
Kf6 86. Rf1+ Ke7 87. Rf7+ Ke8 88. Rb7 Rd8+ 89. Ke5 Rd2 90. Rxb4 Re2+ 91. Re4
Rb2 92. b4 Ke7 93. Kd5 Rd2+ 94. Kc5 Rd8 95. b5 Rc8+ 96. Kb6 Rb8+ 97. Kc6 Rc8+
98. Kb7 Rc2 99. b6 Rb2 100. Kc6 Rc2+ 101. Kb5 1-0

[Event "Dmitrov 2012 open"]
[Site "Dmitrov"]
[Date "2012.07.29"]
[Round "7.1"]
[White "Volkov, Sergei"]
[Black "Bivol, Alina"]
[Result "1/2-1/2"]
[WhiteElo "2136"]
[BlackElo "2175"]
[PlyCount "39"]
[EventDate "2012.07.25"]

1. Nf3 e6 2. d4 c5 3. e4 d5 4. exd5 exd5 5. Bb5+ Nc6 6. O-O Bd6 7. c4 dxc4 8.
dxc5 Bxc5 9. Qxd8+ Kxd8 10. Ng5 Be6 11. Nxe6+ fxe6 12. Bxc4 Ke7 13. Nc3 Nf6 14.
Bg5 Rhe8 15. Rfe1 Kf7 16. Rad1 Rad8 17. Rxd8 Nxd8 18. Kf1 a6 19. f3 Nc6 20. a4
1/2-1/2

[Event "Dmitrov 2012 open"]
[Site "Dmitrov"]
[Date "2012.07.29"]
[Round "7.2"]
[White "Kirillov, Nikolay"]
[Black "Ustinov, Alexey"]
[Result "1-0"]
[WhiteElo "2061"]
[BlackElo "2155"]
[PlyCount "65"]
[EventDate "2012.07.25"]

1. d4 Nf6 2. c4 g6 3. Nc3 d5 4. Bf4 Bg7 5. e3 O-O 6. h3 c5 7. Nf3 Nc6 8. Be2
Qa5 9. O-O cxd4 10. exd4 dxc4 11. Bxc4 Rd8 12. Qb3 e6 13. Rad1 Qf5 14. Bc7 Rd7
15. Be5 Na5 16. Qa4 Nxc4 17. Qxc4 Nd5 18. Rfe1 h5 19. Ne4 Bxe5 20. dxe5 Rc7 21.
Nf6+ Kh8 22. Qa4 b5 23. Qa5 Qc2 24. Rc1 Qxc1 25. Rxc1 Rxc1+ 26. Kh2 Kg7 27. Qd8
Bb7 28. Nxh5+ Kh7 29. Ng5+ Kh6 30. Nxf7+ Kh7 31. Qg5 Rc7 32. Qh6+ Kg8 33. Qg7#
1-0

[Event "Dmitrov 2012 open"]
[Site "Dmitrov"]
[Date "2012.07.29"]
[Round "7.3"]
[White "Izotov, Sergey"]
[Black "Ofitserian, Boris"]
[Result "0-1"]
[WhiteElo "2123"]
[BlackElo "2049"]
[PlyCount "88"]
[EventDate "2012.07.25"]

1. d4 Nf6 2. g3 g6 3. Bg2 Bg7 4. e4 d6 5. Ne2 Nbd7 6. O-O O-O 7. h3 c5 8. Nbc3
Rb8 9. a4 b6 10. Re1 cxd4 11. Nxd4 Bb7 12. Nd5 Nc5 13. Bg5 Ncd7 14. Qd2 Bh8 15.
c3 Rc8 16. Kh2 Re8 17. g4 Nc5 18. Bxf6 Bxf6 19. Nxf6+ exf6 20. f3 d5 21. exd5
Qxd5 22. a5 Ne6 23. axb6 Qd6+ 24. Kh1 axb6 25. Qf2 Qc5 26. Kg1 Nf4 27. Re3 Rxe3
28. Qxe3 Qe5 29. Re1 Re8 30. Nc2 Nxh3+ 31. Kh1 Qxe3 32. Rxe3 Rxe3 33. Nxe3 Nf4
34. Nc4 b5 35. Nd6 Bc6 36. Kg1 Kf8 37. Bf1 Ke7 38. Nxb5 Bxf3 39. Kf2 Bxg4 40.
c4 h5 41. c5 Kd7 42. Nd6 Be6 43. Bb5+ Ke7 44. Bc6 Nd3+ 0-1

[Event "Dmitrov 2012 open"]
[Site "Dmitrov"]
[Date "2012.07.29"]
[Round "7.4"]
[White "Dobrynina, Aleksandra"]
[Black "Denishev, Marat"]
[Result "1/2-1/2"]
[WhiteElo "2023"]
[BlackElo "2139"]
[PlyCount "129"]
[EventDate "2012.07.25"]

1. d4 Nf6 2. c4 c5 3. d5 b5 4. Nc3 a6 5. Nf3 d6 6. e3 g6 7. cxb5 Bg7 8. Be2 O-O
9. O-O axb5 10. Bxb5 Ba6 11. Qd3 Qb6 12. Rd1 Nbd7 13. h3 Rfb8 14. Bxa6 Qxa6 15.
Qxa6 Rxa6 16. e4 Ne8 17. Rd2 Nc7 18. Rc2 Nb5 19. Ne2 Na3 20. Rd2 Nb6 21. Rd3
Nc2 22. Rb1 Rxa2 23. Nc3 Ra6 24. Bg5 f6 25. Bc1 Nc4 26. Nd2 Ne5 27. Rg3 Bh6 28.
Nb3 Bxc1 29. Nxc1 Rab6 30. Nd1 Nc4 31. Nd3 Nd4 32. Kh2 Ne2 33. Rg4 g5 34. e5
Nd2 35. Ra1 c4 36. exf6 exf6 37. Nc1 h5 38. Nxe2 hxg4 39. hxg4 Re8 40. Nd4 Nb3
41. Nxb3 Rxb3 42. Ne3 Rxb2 43. Nxc4 Rxf2 44. Nxd6 Ree2 45. Ra8+ Kh7 46. Ra7+
Kg8 47. Ra8+ Kg7 48. Nf5+ Kf7 49. Ra7+ Ke8 50. d6 Rxg2+ 51. Kh1 Rgf2 52. Kg1
Rxf5 53. gxf5 Re5 54. Kf2 Rxf5+ 55. Kg3 Rd5 56. Re7+ Kd8 57. Re6 f5 58. Rg6
Rd3+ 59. Kg2 g4 60. Rf6 Rf3 61. Rf7 f4 62. Rg7 Rg3+ 63. Kf2 Ke8 64. d7+ Kd8 65.
Rf7 1/2-1/2

[Event "Dmitrov 2012 open"]
[Site "Dmitrov"]
[Date "2012.07.29"]
[Round "7.5"]
[White "Tarmosin, Mikhail"]
[Black "Rudenok, Tatiana"]
[Result "1-0"]
[WhiteElo "2100"]
[BlackElo "2023"]
[PlyCount "71"]
[EventDate "2012.07.25"]

1. e4 c5 2. Nf3 d6 3. d4 cxd4 4. Nxd4 Nf6 5. Nc3 g6 6. Be3 Bg7 7. f3 O-O 8. Qd2
Nc6 9. Bc4 Bd7 10. O-O-O Rc8 11. Bb3 Ne5 12. Bh6 Nc4 13. Bxc4 Rxc4 14. Nde2 b5
15. h4 b4 16. Bxg7 Kxg7 17. Nd5 Nxd5 18. exd5 Qa5 19. Kb1 Rfc8 20. Nd4 h5 21.
Rhe1 Re8 22. g4 hxg4 23. h5 Qxd5 24. hxg6 Rh8 25. gxf7 Kxf7 26. Qf4+ Ke8 27. b3
Rc8 28. fxg4 Qc5 29. g5 Rf8 30. Qh4 Bf5 31. Re2 Bg6 32. Qg4 Rh8 33. Qe6 Rc7 34.
Qxg6+ Kd7 35. Rxe7+ Kxe7 36. Qg7+ 1-0

[Event "Dmitrov 2012 open"]
[Site "Dmitrov"]
[Date "2012.07.29"]
[Round "7.6"]
[White "Mozgunov, Mikhail"]
[Black "Rumjantsev, Juri"]
[Result "1-0"]
[WhiteElo "2029"]
[BlackElo "2133"]
[PlyCount "119"]
[EventDate "2012.07.25"]

1. e4 c5 2. Nf3 Nc6 3. d4 cxd4 4. Nxd4 Nf6 5. Nc3 g6 6. Nxc6 bxc6 7. e5 Nh5 8.
Bc4 Qa5 9. Qe2 Bg7 10. f4 O-O 11. Bd2 Nxf4 12. Bxf4 d5 13. exd6 Bxc3+ 14. bxc3
Qxc3+ 15. Kf2 exd6 16. Rhe1 Bg4 17. Qd3 Qa5 18. Bh6 Rfe8 19. Qd4 Qb6 20. Qxb6
axb6 21. Rxe8+ Rxe8 22. Re1 Be6 23. Bb3 d5 24. c4 d4 25. Bf4 Ra8 26. Bc7 Ra6
27. Kf3 Kf8 28. Kf4 Ke7 29. Be5 c5 30. Kg5 h5 31. Bf6+ Kd7 32. h3 Ra5 33. a4
Ra8 34. Be5 Kc8 35. Bf4 Kd7 36. Re2 Ra7 37. Ra2 Rb7 38. Bd2 Kc8 39. Ra3 Kb8 40.
Kf6 Kc7 41. Ba2 Kd6 42. Bh6 Ra7 43. Bf8+ Kc6 44. Ke5 Ra8 45. Bh6 Re8 46. Kf6
Rd8 47. a5 bxa5 48. Rxa5 Rb8 49. Bc1 d3 50. Ra6+ Kb7 51. Ra3 Rd8 52. Bd2 Rd4
53. Rc3 Kc6 54. Bb3 Kd6 55. Rc1 Re4 56. Re1 Rd4 57. Re3 Kc6 58. Bc3 Rd6 59.
Ba4+ Kb6 60. Ke7 1-0

[Event "Dmitrov 2012 open"]
[Site "Dmitrov"]
[Date "2012.07.29"]
[Round "7.8"]
[White "Yakushev, Vladimir"]
[Black "Asrian, Armen"]
[Result "0-1"]
[WhiteElo "2147"]
[BlackElo "2119"]
[PlyCount "98"]
[EventDate "2012.07.25"]

1. Nf3 Nf6 2. c4 g6 3. d4 Bg7 4. Nc3 O-O 5. e4 d6 6. Be2 Na6 7. O-O c5 8. h3
cxd4 9. Nxd4 Nc5 10. Bf3 Rb8 11. b4 Na6 12. Rb1 Be6 13. Nd5 Nd7 14. Be3 Bxd5
15. exd5 Nc7 16. Nb3 a6 17. Na5 Ne5 18. Be2 b6 19. Nc6 Nxc6 20. dxc6 b5 21.
cxb5 axb5 22. a4 e6 23. Ba7 Ra8 24. axb5 Nxb5 25. Bxb5 Rxa7 26. Be2 d5 27. b5
Qb6 28. Qc2 Rfa8 29. Rfc1 Bd4 30. Bf3 Ra2 31. Qb3 Bxf2+ 32. Kh1 R2a7 33. Qb4
Be3 34. Re1 Bc5 35. Qf4 Qd8 36. Rec1 Bb6 37. Qb4 Qc7 38. Qh4 Qd6 39. g3 Ra4 40.
Qg5 h6 41. Qd2 Qxg3 42. Qg2 Qd6 43. Rc2 Ra1 44. Rf1 Bc7 45. Bd1 Kg7 46. Rcf2 f5
47. Rf3 R8a2 48. R3f2 Ra3 49. Rf3 Rxf3 0-1

[Event "Dmitrov 2012 open"]
[Site "Dmitrov"]
[Date "2012.07.29"]
[Round "7.9"]
[White "Berezin, Viktor"]
[Black "Sepp, Yuri"]
[Result "1/2-1/2"]
[WhiteElo "2124"]
[BlackElo "1967"]
[PlyCount "46"]
[EventDate "2012.07.25"]

1. d4 Nf6 2. c4 e6 3. Nc3 Bb4 4. Qc2 d5 5. e3 O-O 6. Nf3 c5 7. dxc5 dxc4 8. Bd2
Bxc5 9. Bxc4 Nc6 10. O-O Qe7 11. a3 Bd7 12. b4 Bb6 13. Rfd1 Rac8 14. Qb3 Ng4
15. Na4 Bc7 16. Nc5 Nce5 17. Nxd7 Nxd7 18. Bc3 Nde5 19. Nxe5 Nxe5 20. Be2 Qh4
21. g3 Qe4 22. Rd4 Nf3+ 23. Bxf3 Qxf3 1/2-1/2

[Event "Dmitrov 2012 open"]
[Site "Dmitrov"]
[Date "2012.07.29"]
[Round "7.11"]
[White "Dugin, Andrey"]
[Black "Lyubokhiner, Leonid M"]
[Result "1-0"]
[WhiteElo "1793"]
[BlackElo "1715"]
[PlyCount "124"]
[EventDate "2012.07.25"]

1. e4 e5 2. Bc4 Nf6 3. d3 c6 4. Bg5 h6 5. Bxf6 Qxf6 6. Nc3 Bc5 7. Qf3 b5 8. Bb3
d6 9. Qxf6 gxf6 10. Nge2 a5 11. a3 Na6 12. Nd1 f5 13. exf5 Bxf5 14. Ne3 Bxe3
15. fxe3 d5 16. Ng3 Bg6 17. e4 Nc5 18. O-O Nxb3 19. cxb3 Ke7 20. Rac1 Rhc8 21.
Nf5+ Bxf5 22. Rxf5 Ke6 23. Rcf1 dxe4 24. dxe4 Rf8 25. Rf6+ Ke7 26. Rxc6 Rac8
27. Rfc1 Rcd8 28. R6c5 f6 29. Rxb5 Rd4 30. Rxa5 Rxe4 31. Rac5 Kd6 32. b4 Rd4
33. b5 f5 34. b6 Rd1+ 35. Rxd1+ Kxc5 36. b4+ Kxb6 37. Rd6+ Kb5 38. Rd5+ Ka4 39.
Rxe5 Kxa3 40. b5 Rf6 41. Kf2 Kb4 42. Kf3 Kc4 43. Kf4 Kd4 44. Rxf5 Rg6 45. g4
Re6 46. Kg3 Rg6 47. Rf1 Ke5 48. Rb1 Rb6 49. Kh4 Kf6 50. Rf1+ Kg6 51. Rf5 Rd6
52. Rc5 Kg7 53. Rc6 Rd5 54. b6 Rb5 55. Rc7+ Kg6 56. b7 Rb2 57. Kg3 Kf6 58. h3
h5 59. Kf4 Rb4+ 60. Kg3 hxg4 61. hxg4 Kg6 62. Kf3 Rb5 1-0

[Event "Dmitrov 2012 open"]
[Site "Dmitrov"]
[Date "2012.07.29"]
[Round "8.1"]
[White "Kirillov, Nikolay"]
[Black "Volkov, Sergei"]
[Result "1/2-1/2"]
[WhiteElo "2061"]
[BlackElo "2136"]
[PlyCount "20"]
[EventDate "2012.07.25"]

1. d4 d5 2. c4 e6 3. Nc3 Nf6 4. Bf4 c6 5. c5 Be7 6. e3 Nbd7 7. h3 Nf8 8. Nf3
Ng6 9. Bh2 O-O 10. Be2 b6 1/2-1/2

[Event "Dmitrov 2012 open"]
[Site "Dmitrov"]
[Date "2012.07.29"]
[Round "8.2"]
[White "Bivol, Alina"]
[Black "Tarmosin, Mikhail"]
[Result "1/2-1/2"]
[WhiteElo "2175"]
[BlackElo "2100"]
[PlyCount "50"]
[EventDate "2012.07.25"]

1. e4 c5 2. c3 d5 3. exd5 Qxd5 4. d4 Nc6 5. Nf3 Nf6 6. Be2 cxd4 7. cxd4 e6 8.
Nc3 Qd8 9. O-O Be7 10. Be3 O-O 11. Qd2 b6 12. Rac1 Bb7 13. Rfd1 Nb4 14. Ne5 Rc8
15. f3 Nbd5 16. Bf2 Nh5 17. Nxd5 Qxd5 18. a3 Rfd8 19. Bc4 Qd6 20. g4 Qxe5 21.
dxe5 Rxd2 22. Rxd2 Bg5 23. Rdc2 Bxc1 24. Rxc1 Nf4 25. Be3 Nd5 1/2-1/2

[Event "Dmitrov 2012 open"]
[Site "Dmitrov"]
[Date "2012.07.29"]
[Round "8.3"]
[White "Ustinov, Alexey"]
[Black "Ofitserian, Boris"]
[Result "1-0"]
[WhiteElo "2155"]
[BlackElo "2049"]
[PlyCount "57"]
[EventDate "2012.07.25"]

1. d4 Nf6 2. Bg5 d5 3. e3 Nbd7 4. Nf3 e6 5. c4 Bb4+ 6. Nc3 Bxc3+ 7. bxc3 h6 8.
Bf4 c5 9. Qc2 Qa5 10. Bd3 dxc4 11. Bxc4 b5 12. Bd3 Bb7 13. O-O c4 14. Be2 Be4
15. Qb2 Nd5 16. Rfc1 N7b6 17. Bd1 Na4 18. Bxa4 Qxa4 19. Bd6 Kd7 20. Bc5 f6 21.
Ne1 Bg6 22. Qe2 Qa5 23. Qg4 Bf5 24. Qxg7+ Kc6 25. Qg3 Kb7 26. a4 a6 27. axb5
Qxb5 28. Qf3 Rhg8 29. h3 1-0

[Event "Dmitrov 2012 open"]
[Site "Dmitrov"]
[Date "2012.07.29"]
[Round "8.4"]
[White "Izotov, Sergey"]
[Black "Dobrynina, Aleksandra"]
[Result "1-0"]
[WhiteElo "2123"]
[BlackElo "2023"]
[PlyCount "91"]
[EventDate "2012.07.25"]

1. c4 e6 2. Nf3 d5 3. g3 c6 4. b3 f5 5. Bb2 Nf6 6. Bg2 Bd6 7. O-O O-O 8. d3
Nbd7 9. cxd5 exd5 10. Nbd2 Qe7 11. Re1 f4 12. e4 fxg3 13. hxg3 dxe4 14. Nxe4
Nxe4 15. dxe4 Ne5 16. Nxe5 Bxe5 17. Bxe5 Qxe5 18. Qd2 Bg4 19. Rac1 Rad8 20. Qb4
Rd7 21. Rc2 Rfd8 22. f3 Bxf3 23. Bxf3 Qxg3+ 24. Bg2 Rd1 25. Rf2 Qe3 26. Qc4+
Kh8 27. Ref1 R8d2 28. Qf7 Rxf1+ 29. Bxf1 Qg3+ 30. Bg2 Rd1+ 31. Rf1 Rxf1+ 32.
Qxf1 Qe3+ 33. Qf2 Qxf2+ 34. Kxf2 g5 35. Bh3 Kg7 36. e5 Kf7 37. Ke3 h5 38. Bc8
b6 39. Ke4 g4 40. Kf4 c5 41. Ba6 Ke7 42. Bc4 Kd7 43. Bf7 b5 44. Bxh5 a5 45.
Bxg4+ Ke7 46. Be2 1-0

[Event "Dmitrov 2012 open"]
[Site "Dmitrov"]
[Date "2012.07.29"]
[Round "8.5"]
[White "Denishev, Marat"]
[Black "Mozgunov, Mikhail"]
[Result "1-0"]
[WhiteElo "2139"]
[BlackElo "2029"]
[PlyCount "77"]
[EventDate "2012.07.25"]

1. d4 Nf6 2. c4 g6 3. Nc3 Bg7 4. g3 O-O 5. Bg2 d6 6. Nf3 c6 7. O-O Bf5 8. Re1
Ne4 9. Nh4 Nxc3 10. bxc3 Be6 11. Qd3 Qa5 12. e4 Na6 13. Be3 c5 14. f4 Rab8 15.
f5 Bd7 16. fxg6 hxg6 17. Bg5 cxd4 18. Bxe7 Nc5 19. Qf3 dxc3 20. Bxf8 Rxf8 21.
Qe2 Re8 22. Rac1 Ba4 23. Rf1 Qb4 24. Rb1 Qa3 25. e5 Bxe5 26. Qf2 Re7 27. Bd5
Nd3 28. Bxf7+ Kg7 29. Qf3 Bd4+ 30. Kh1 Qxa2 31. Qxd3 Bc6+ 32. Bd5 Bxd5+ 33.
cxd5 Qxd5+ 34. Nf3 c2 35. Rbc1 Re4 36. Rxc2 Qf5 37. Rc7+ Kh6 38. Nxd4 Qd5 39.
Nf5+ 1-0

[Event "Dmitrov 2012 open"]
[Site "Dmitrov"]
[Date "2012.07.29"]
[Round "8.6"]
[White "Rumjantsev, Juri"]
[Black "Studennikov, Dmitry"]
[Result "1-0"]
[WhiteElo "2133"]
[BlackElo "1650"]
[PlyCount "141"]
[EventDate "2012.07.25"]

1. e4 d5 2. exd5 Nf6 3. d4 Nxd5 4. Nf3 g6 5. Be2 Bg7 6. O-O O-O 7. c3 Bg4 8.
Ne5 Bxe2 9. Qxe2 Nd7 10. Rd1 e6 11. c4 N5b6 12. Bf4 Qe7 13. Nc3 Rad8 14. Ne4 c5
15. Nxd7 Rxd7 16. dxc5 Nc8 17. Bd6 Nxd6 18. cxd6 Qd8 19. Qd2 Qb6 20. Rab1 Rfd8
21. c5 Qc6 22. Qc2 f5 23. Ng5 Rxd6 24. Rxd6 Rxd6 25. Rc1 Rd5 26. b4 Qd7 27. Nf3
h6 28. h3 e5 29. Qb3 Kh7 30. b5 Rd3 31. c6 bxc6 32. bxc6 Rxb3 33. cxd7 Rd3 34.
Rc7 e4 35. Ne1 Rd2 36. Kf1 a5 37. Nc2 g5 38. Ne3 Kg6 39. Nc4 Rd4 40. Nxa5 Bf6
41. Nc6 Rd5 42. a4 f4 43. Ke2 h5 44. a5 g4 45. hxg4 hxg4 46. a6 f3+ 47. gxf3
gxf3+ 48. Ke3 Kf5 49. d8=Q Bxd8 50. Rf7+ Ke6 51. Kxe4 Bb6 52. a7 Bxa7 53. Rxa7
Rd2 54. Nd4+ Kf6 55. Ra6+ Kf7 56. Ke3 Rb2 57. Kxf3 Rb1 58. Kf4 Rd1 59. Ke5 Re1+
60. Kd5 Rf1 61. f3 Re1 62. f4 Re3 63. f5 Re1 64. Re6 Rd1 65. Ke5 Re1+ 66. Kf4
Rg1 67. Nf3 Rf1 68. Kg4 Ra1 69. Ne5+ Kf8 70. Kg5 Rg1+ 71. Kf6 1-0

[Event "Dmitrov 2012 open"]
[Site "Dmitrov"]
[Date "2012.07.29"]
[Round "8.7"]
[White "Rudenok, Tatiana"]
[Black "Asrian, Armen"]
[Result "1-0"]
[WhiteElo "2023"]
[BlackElo "2119"]
[PlyCount "52"]
[EventDate "2012.07.25"]

1. e4 c5 2. Nc3 d6 3. g3 Nc6 4. Bg2 g6 5. d3 Bg7 6. f4 e6 7. Nf3 Nge7 8. O-O
O-O 9. Bd2 Rb8 10. Rb1 b5 11. a3 a5 12. a4 b4 13. Nb5 Ba6 14. c4 Qd7 15. Qe1
Rfd8 16. g4 d5 17. f5 dxe4 18. dxe4 f6 19. Qh4 Bxb5 20. axb5 Nd4 21. Bh6 Nxf3+
22. Rxf3 Qd4+ 23. Kh1 Qxe4 24. Re1 Qxc4 25. Bxg7 Kxg7 26. fxg6 Nf5 1-0

[Event "Dmitrov 2012 open"]
[Site "Dmitrov"]
[Date "2012.07.29"]
[Round "8.10"]
[White "Kobozeva, Viktoria"]
[Black "Dugin, Andrey"]
[Result "1/2-1/2"]
[WhiteElo "1798"]
[BlackElo "1793"]
[PlyCount "88"]
[EventDate "2012.07.25"]

1. d4 Nf6 2. c4 c6 3. Nc3 d5 4. Bg5 e6 5. e3 Nbd7 6. Nf3 Qa5 7. c5 b6 8. cxb6
axb6 9. Bd3 Bd6 10. O-O O-O 11. Qc2 Ba6 12. Bxa6 Qxa6 13. e4 dxe4 14. Nxe4 Nxe4
15. Qxe4 Rac8 16. Ne5 Qb7 17. Rac1 f5 18. Qe2 Bxe5 19. dxe5 f4 20. Qc4 Rce8 21.
Bxf4 c5 22. Bg3 b5 23. Qb3 Qb6 24. Rfd1 c4 25. Qb4 Qc5 26. Qe1 Nb6 27. Rd6 Nd5
28. Kh1 Qd4 29. Qe2 Nf4 30. Bxf4 Qxf4 31. Rcd1 Qxf2 32. Qxf2 Rxf2 33. R6d2 Ref8
34. Kg1 Rxd2 35. Rxd2 Rf5 36. Re2 Kf7 37. g4 Rf4 38. h3 g5 39. Rf2 Rxf2 40.
Kxf2 Ke7 41. Ke3 Kd7 42. Kd4 Kc6 43. b3 cxb3 44. axb3 b4 1/2-1/2

[Event "Dmitrov 2012 open"]
[Site "Dmitrov"]
[Date "2012.07.30"]
[Round "9.1"]
[White "Volkov, Sergei"]
[Black "Rudenok, Tatiana"]
[Result "1-0"]
[WhiteElo "2136"]
[BlackElo "2023"]
[PlyCount "91"]
[EventDate "2012.07.25"]

1. d4 Nf6 2. Nf3 e6 3. Bf4 d5 4. e3 c5 5. c3 Bd6 6. Bg3 O-O 7. Nbd2 b6 8. Ne5
Bb7 9. Bd3 Ne4 10. Nxe4 dxe4 11. Be2 f6 12. Nc4 Bxg3 13. hxg3 Na6 14. O-O Qe7
15. Qa4 Nc7 16. Qa3 b5 17. Na5 b4 18. cxb4 cxb4 19. Qa4 Nd5 20. Rac1 Nb6 21.
Qb5 Rab8 22. Qc5 Rf7 23. Bb5 f5 24. Qe5 Rbf8 25. Nxb7 Qxb7 26. Qxe6 Kh8 27. Rc2
Rf6 28. Qe5 Nd5 29. Bc6 Rxc6 30. Qxd5 Rb6 31. Qxb7 Rxb7 32. Rfc1 b3 33. Rc8 Kg8
34. a3 Rxc8 35. Rxc8+ Kf7 36. Kf1 Ke6 37. Ke2 Ke7 38. Rc5 g6 39. Kd2 Ke6 40.
Kc3 h5 41. Kc4 a6 42. a4 Rb6 43. d5+ Ke5 44. a5 Rd6 45. Kxb3 Rxd5 46. Kc4 1-0

[Event "Dmitrov 2012 open"]
[Site "Dmitrov"]
[Date "2012.07.30"]
[Round "9.2"]
[White "Izotov, Sergey"]
[Black "Kirillov, Nikolay"]
[Result "1-0"]
[WhiteElo "2123"]
[BlackElo "2061"]
[PlyCount "91"]
[EventDate "2012.07.25"]

1. e4 e6 2. d4 d5 3. Nc3 Nf6 4. Bg5 Be7 5. e5 Nfd7 6. Bxe7 Qxe7 7. Nb5 Nb6 8.
c3 O-O 9. f4 a6 10. Na3 c5 11. Nf3 c4 12. Be2 Nc6 13. O-O Bd7 14. Nc2 Na4 15.
Rb1 b5 16. Ne3 f6 17. Qd2 fxe5 18. fxe5 Rab8 19. Bd1 a5 20. Bc2 Nb6 21. Rbc1 b4
22. Bb1 a4 23. Qc2 g6 24. Ng4 b3 25. Qd2 bxa2 26. Bxa2 a3 27. bxa3 Na4 28. Bb1
Nb2 29. Nf6+ Kh8 30. Ng5 h6 31. Ngh7 Rxf6 32. Nxf6 Kg7 33. Rf3 Nd3 34. Rh3 Rh8
35. Bxd3 cxd3 36. Qxd3 Be8 37. c4 Qa7 38. c5 Qa4 39. Rd1 Na5 40. Nxe8+ Rxe8 41.
Rg3 g5 42. h4 Rf8 43. hxg5 h5 44. Rf3 Rf5 45. Rxf5 exf5 46. Rf1 1-0

[Event "Dmitrov 2012 open"]
[Site "Dmitrov"]
[Date "2012.07.30"]
[Round "9.3"]
[White "Bivol, Alina"]
[Black "Ustinov, Alexey"]
[Result "0-1"]
[WhiteElo "2175"]
[BlackElo "2155"]
[PlyCount "102"]
[EventDate "2012.07.25"]

1. e4 c5 2. Nf3 d6 3. d4 cxd4 4. Nxd4 Nf6 5. Nc3 a6 6. h3 b5 7. g4 Bb7 8. Bg2
e5 9. Nde2 b4 10. Nd5 Nxd5 11. exd5 Be7 12. Ng3 g6 13. O-O O-O 14. Bh6 Re8 15.
f4 Nd7 16. fxe5 Nxe5 17. Ne4 Rc8 18. Kh2 Qc7 19. Rc1 a5 20. Qd2 Bd8 21. Qf4 Qe7
22. g5 Rc4 23. b3 Rd4 24. Nf6+ Qxf6 25. gxf6 Rxf4 26. Rxf4 Bb6 27. Rff1 Rc8 28.
Bf4 Bd4 29. Rcd1 Bc3 30. Rf2 Re8 31. Bf1 Rc8 32. Be3 h5 33. Bb5 Kf8 34. Bb6 Kg8
35. Kg3 Kh7 36. Kf4 Kh6 37. Ke4 Ba8 38. Ba4 g5 39. Rf5 Bb2 40. Be3 Rc3 41. h4
Ng4 42. hxg5+ Kg6 43. Rf3 Rxc2 44. Bb5 Be5 45. Bd7 Nxe3 46. Kxe3 Kxg5 47. Rf5+
Kh6 48. Rh1 Kg6 49. Rg1+ Kh6 50. Rh1 Kg6 51. Rfxh5 Kxf6 0-1

[Event "Dmitrov 2012 open"]
[Site "Dmitrov"]
[Date "2012.07.30"]
[Round "9.4"]
[White "Tarmosin, Mikhail"]
[Black "Denishev, Marat"]
[Result "1/2-1/2"]
[WhiteElo "2100"]
[BlackElo "2139"]
[PlyCount "149"]
[EventDate "2012.07.25"]

1. d4 Nf6 2. c4 c5 3. Nf3 cxd4 4. Nxd4 b6 5. Nc3 Bb7 6. Nc2 d6 7. f3 a6 8. e4
e6 9. Be3 Be7 10. Be2 O-O 11. O-O Nbd7 12. Qd2 Qc7 13. Rfd1 Rac8 14. Bd4 Rfe8
15. Rac1 Qb8 16. Kh1 Bd8 17. Bf2 Bc7 18. Ne3 d5 19. cxd5 Bxh2 20. d6 Bf4 21. g3
Bh6 22. Qd4 Qa8 23. Na4 Rxc1 24. Rxc1 e5 25. Qd1 Bxe4 26. Rc7 Bxe3 27. Bxe3 Bf5
28. Nxb6 Nxb6 29. Bxb6 Nd5 30. Ra7 Qc6 31. Bc7 Qc5 32. Qg1 Qc2 33. Bxa6 e4 34.
Bb7 exf3 35. d7 Bxd7 36. Bxd5 f2 37. Qf1 Bc6 38. Bxc6 Qxc6+ 39. Kh2 Re1 40. Ra6
Rxf1 41. Rxc6 Rh1+ 42. Kxh1 f1=Q+ 43. Kh2 Qe2+ 44. Kg1 Qxb2 45. Bf4 g5 46. Bxg5
Qb1+ 47. Rc1 Qxa2 48. Bh6 Qa6 49. Bf4 Kg7 50. Rd1 Qe2 51. Rd2 Qe1+ 52. Kh2 Kg6
53. Rd5 Qf2+ 54. Kh3 Qf3 55. Rd2 Qh1+ 56. Rh2 Qf1+ 57. Rg2 h5 58. Be3 Qe1 59.
Ba7 Qh1+ 60. Rh2 Qd1 61. Bb8 Qf1+ 62. Rg2 Kf5 63. Ba7 Ke4 64. Kh2 Qa1 65. Bb6
Qe1 66. Bf2 Qa5 67. Bg1 Qg5 68. Rf2 f5 69. Rf4+ Kd3 70. Rf3+ Ke2 71. Rf2+ Ke1
72. Rf4 Qf6 73. Bf2+ Ke2 74. Bd4 Qe6 75. Bg1 1/2-1/2

[Event "Dmitrov 2012 open"]
[Site "Dmitrov"]
[Date "2012.07.30"]
[Round "9.5"]
[White "Ofitserian, Boris"]
[Black "Rumjantsev, Juri"]
[Result "0-1"]
[WhiteElo "2049"]
[BlackElo "2133"]
[PlyCount "74"]
[EventDate "2012.07.25"]

1. e4 c5 2. c3 d5 3. exd5 Qxd5 4. d4 Nf6 5. Nf3 Bg4 6. Be2 e6 7. O-O Nc6 8. Be3
cxd4 9. cxd4 Bd6 10. Nc3 Qh5 11. g3 Qa5 12. Nb5 Bb8 13. Qd3 a6 14. Nc3 h5 15.
Ng5 h4 16. Bxg4 Nxg4 17. Nxe6 Nxh2 18. Qe4 fxe6 19. Qxe6+ Ne7 20. Kxh2 hxg3+
21. Kg2 Rh2+ 22. Kf3 g2 23. d5 gxf1=Q 24. Rxf1 Qc7 25. Qg4 Qe5 26. Re1 Qf6+ 27.
Ke2 Rh4 28. Qg2 Qg6 29. Qf3 Qc2+ 30. Kf1 Qd3+ 31. Re2 Bf4 32. d6 Bxd6 33. Qxb7
Rb8 34. Qg2 Rxb2 35. Bg5 Rxe2 36. Qa8+ Kf7 37. Bxh4 Re4+ 0-1

[Event "Dmitrov 2012 open"]
[Site "Dmitrov"]
[Date "2012.07.30"]
[Round "9.8"]
[White "Studennikov, Dmitry"]
[Black "Dugin, Andrey"]
[Result "1-0"]
[WhiteElo "1650"]
[BlackElo "1793"]
[PlyCount "93"]
[EventDate "2012.07.25"]

1. e4 e5 2. Nf3 f5 3. d4 fxe4 4. Nxe5 Nf6 5. Bg5 d6 6. Nc4 Be7 7. Ne3 d5 8.
Bxf6 Bxf6 9. Qh5+ Kf8 10. Qxd5 Qxd5 11. Nxd5 Bxd4 12. c3 Bb6 13. Nd2 Bf5 14.
Nc4 Nd7 15. Ncxb6 cxb6 16. Ne3 Bg6 17. Be2 Nc5 18. Rd1 Nd3+ 19. Bxd3 exd3 20.
Kd2 Kf7 21. Rhe1 Rad8 22. Nc4 Rhf8 23. Ne5+ Kf6 24. Nxg6 Kxg6 25. f3 Rf7 26.
Re3 Rfd7 27. Rde1 Kf7 28. f4 Kf6 29. g4 h5 30. h3 hxg4 31. hxg4 b5 32. Rh1 b4
33. Rhh3 bxc3+ 34. bxc3 b6 35. Rxd3 Rxd3+ 36. Rxd3 Rh8 37. Kc2 Ke7 38. Kb3 Ke6
39. Re3+ Kd6 40. f5 Kd7 41. Re6 Rh7 42. a4 Rh4 43. Rg6 Rh7 44. Kb4 Ke7 45. Kb5
Kf7 46. Ka6 Rh3 47. Kxa7 1-0